Fornite Weapons and Items - Statistics

General Stats
  • This quiz has been taken 624 times
    616 since last reset
  • The average score is 21 of 67
Answer Stats
Answer % Correct
Assault Rifle (SCAR)
92%
Assault Rifle (SCAR)
92%
Pump Shotgun
76%
Pump Shotgun
76%
Assault Rifle
75%
Assault Rifle
75%
Assault Rifle
75%
Pistol
55%
Pistol
55%
Pistol
55%
Tactical Shotgun
49%
Tactical Shotgun
49%
Tactical Shotgun
49%
Rocket Launcher
45%
Rocket Launcher
45%
Rocket Launcher
45%
Bolt Action Sniper
43%
Bolt Action Sniper
43%
Bolt Action Sniper
43%
Burst Assault Rifle
40%
Burst Assault Rifle
40%
Burst Assault Rifle
40%
Grenades
37%
Med Kit
35%
Small Shield Potion
34%
Shield Potion
32%
Chug Jug
29%
Bandages
27%
Heavy Shotgun
27%
Heavy Shotgun
27%
Slurp Juice
24%
Grenade Launcher
22%
Grenade Launcher
22%
Grenade Launcher
22%
Hand Cannon
21%
Hand Cannon
21%
Hunting Rifle
21%
Hunting Rifle
21%
Minigun
20%
Minigun
20%
Tactical SMG
20%
Tactical SMG
20%
Tactical SMG
20%
Semi-Automatic Sniper
19%
Semi-Automatic Sniper
19%
Revolver
18%
Revolver
18%
Revolver
18%
Damage Trap
16%
Suppressed Pistol
15%
Suppressed Pistol
15%
Suppressed SMG
15%
Suppressed SMG
15%
Suppressed SMG
15%
Scoped Assault Rifle
13%
Scoped Assault Rifle
13%
Boogie Bomb
12%
Launch Pad
11%
Light Machine Gun
11%
Light Machine Gun
11%
Impulse Grenade
10%
Port a Fort
9%
Bush
8%
Crossbow
8%
Crossbow
8%
Cozy Campfire
5%
Remote Explosives
5%
No matching quizzes found
Score Distribution
Percent of People with Each Score
Percentile by Number Answered
Your Score History
You have not taken this quiz since the last reset